00580cam a22001692 4500001001100000005001700011008004100028020002700069040001500096100003000111245010800141250001400249260005700263300001600320650003800336700003600374000000922720151217152051.0080912s xx 000 0 eng d a0131860151 :cKES 7500 aKABUcKABU1 aKeat, Paul G.@000016032610aManagerial economics :beconomic tools for today's decision makers /cPaul G. Keat, Philip K. Y. Young. a15th ed. aUpper Saddle River, NJ. :bPearson Education,c2006. axx, 571 p. 0aManagerial economics.@00001505461 aYoung, Philip K. Y.@0000159302